000 00316nam a2200145Ia 4500
100 _aCEDT
942 _cBK
654 _aThe intel 8085
245 _aThe Intel 8085/ A Family Data Manual
260 _bIndian institute of Science
082 _a4.16
_bCEDT
300 _a239
546 _aENGLISH
999 _c28707
_d28707